| 000 | 01096nam a22003377a 4500 | ||
|---|---|---|---|
| 001 | BR8502015 | ||
| 003 | BR-BrBNA | ||
| 005 | 20230928092137.0 | ||
| 007 | ta | ||
| 008 | 230509b bl.||||| |||| 00| 0 por d | ||
| 040 |
_aBR-BrBNA _bpor _cBiblioteca Nacional de Agricultura |
||
| 041 | _a(Por) | ||
| 072 |
_aM11; U40 _b8195 _b/G514 |
||
| 090 | _ 8195 BR8502015 | ||
| 100 | 1 | _aMaluf, S. | |
| 100 | 1 | _aStevenson, M.R. | |
| 100 | 1 | _aInostroza Villagra, H.M. | |
| 110 | 1 | _aInstituto de Pesquisas Espaciais, Sao Jose dos Campos, SP (Brasil) | |
| 111 | 1 |
_a4. Reuniao da SELPER _cSantiago (Chile) _d12-16 Nov 1984 |
|
| 245 | 1 |
_aComparacao de dados sazonais de pesca e temperaturas de superficie do mar obtidas por satelite [bonito listrado, sensoriamento remoto, Brasil] _bINPE-3471-PRE/714 |
|
| 260 | 3 |
_aSao Jose dos Campos, SP (Brasil): _c1985. |
|
| 300 | _a9 p. | ||
| 500 | _a5 illus.; Summary (Por) | ||
| 650 | _aOCEANOGRAFIA | ||
| 650 | _aPESCA | ||
| 650 | _aPEIXE | ||
| 650 | _aSENSORIAMENTO REMOTO | ||
| 650 | _aBONITO | ||
| 909 |
_a202309 _bLucia _c55 _dLucia Elande |
||
| 942 | _cBK | ||
| 999 |
_c37366 _d37366 |
||